Central Library OPAC University of Rajshahi

My presidential years / (Record no. 63336)

MARC details
000 -LEADER
fixed length control field 00952nam a2200289 a 4500
001 - CONTROL NUMBER
control field 63336
003 - CONTROL NUMBER IDENTIFIER
rucl marc code BD-RjUL
005 - DATE AND TIME OF LATEST TRANSACTION
control field 20211209081201.0
008 - FIXED-LENGTH DATA ELEMENTS--GENERAL INFORMATION
fixed length control field 170129s1995 ii a 001 0deng d
020 ## - INTERNATIONAL STANDARD BOOK NUMBER
International Standard Book Number 8172232020
035 ## - SYSTEM CONTROL NUMBER
System control number (BD-RjUL)63465
040 ## - CATALOGING SOURCE
Original cataloging agency DLC
Transcribing agency DLC
Modifying agency DLC
Language of cataloging eng
041 ## - LANGUAGE CODE
Language code of text/sound track or separate title eng
082 00 - DEWEY DECIMAL CLASSIFICATION NUMBER
Classification number 954.052092
Author mark and year VEM 1995
100 1# - MAIN ENTRY--PERSONAL NAME
Personal name Venkataraman, Ramaswami,
Dates associated with a name 1910-2009.
9 (RLIN) 188484
245 10 - TITLE STATEMENT
Title My presidential years /
Statement of responsibility, etc. R. Venkataraman.
260 ## - PUBLICATION, DISTRIBUTION, ETC. (IMPRINT)
Place of publication, distribution, etc. New Delhi :
Name of publisher, distributor, etc. HarperCollins Publishers India,
Date of publication, distribution, etc. 1995
300 ## - PHYSICAL DESCRIPTION
Pagination xii, 671 p. :
Illustrations ill. (some col.) ;
Size 24 cm.
500 ## - GENERAL NOTE
General note Spine title: R. Venkataraman, my presidential years.
General note Includes index.
600 10 - SUBJECT ADDED ENTRY--PERSONAL NAME
Personal name Venkataraman, Ramaswami,
Dates associated with a name 1910-2009.
650 #0 - SUBJECT ADDED ENTRY--TOPICAL TERM
Topical term or geographic name as entry element Presidents
Geographic subdivision India.
9 (RLIN) 188485
651 #0 - SUBJECT ADDED ENTRY--GEOGRAPHIC NAME
Geographic name India
General subdivision Politics and government
Chronological subdivision 1977-
9 (RLIN) 172066
942 ## - ADDED ENTRY ELEMENTS (KOHA)
Source of classification or shelving scheme Dewey Decimal Classification
Koha item type Books
Holdings
Lost status Source of classification or shelving scheme Damaged status Not for loan Collection code Permanent Location Current Location Shelving location Date acquired Source of acquisition Cost, normal purchase price Total Checkouts Full call number Date last seen Copy number Koha item type
  Dewey Decimal Classification   Not For Loan Non-fiction Central Library, University of Rajshahi Central Library, University of Rajshahi Reading Room 24/06/1996 Ideal Library, Dhaka 253.00   954.052092 VEM 1995 29/01/2017 C-1 Books